[Event "Michigan Open"]
[Site "East Lansing"]
[Date "1991.09.01"]
[Round "5"]
[White "Chehayeb, Sal"]
[Black "Moody, David"]
[Result "0-1"]
[WhiteElo "2096"]
[BlackElo "2000"]
[PlyCount "48"]
[EventDate "1991.08.30"]

1. e4 e5 2. Nf3 Nc6 3. Bb5 a6 4. Ba4 Nf6 5. O-O Be7 6. Re1 b5 7. Bb3 O-O 8. c3
d5 9. exd5 Nxd5 10. Nxe5 Nxe5 11. Rxe5 c6 12. d4 Bd6 13. Re1 Qh4 14. g3 Qh3 15.
Qf3 Bg4 16. Qg2 Qh5 17. Be3 Bf3 18. Qf1 f5 19. Bd1 f4 20. Bxf3 Qxf3 21. Bc1
fxg3 22. hxg3 Bxg3 23. Re2 Rf5 24. Nd2 Bh2+ 0-1

[Event "Michigan Open"]
[Site "East Lansing"]
[Date "1991.09.01"]
[Round "4"]
[White "Calton, Bill"]
[Black "Manion, Tom"]
[Result "1-0"]
[WhiteElo "2073"]
[BlackElo "1847"]
[PlyCount "73"]
[EventDate "1991.08.30"]

1. d4 f5 2. g3 Nf6 3. Bg2 g6 4. Nc3 Bg7 5. Bg5 O-O 6. Qd2 Re8 7. O-O-O c6 8.
Bxf6 Bxf6 9. g4 d5 10. h4 e5 11. g5 Bg7 12. dxe5 Bxe5 13. Nf3 Bg7 14. e3 Nd7
15. Ne2 Nc5 16. Nf4 Ne4 17. Qe2 Qa5 18. a3 Bxb2+ 19. Kxb2 Qc3+ 20. Ka2 Qg7 21.
Rd3 c5 22. Nd2 c4 23. Bxe4 cxd3 24. Bxd3 Be6 25. Nb3 Bf7 26. Nd4 a6 27. Qd2 b5
28. Rb1 Rec8 29. Qb4 Rc7 30. Qd6 Rac8 31. Qxa6 Rxc2+ 32. Bxc2 Rxc2+ 33. Rb2 Rc5
34. Nfe6 Bxe6 35. Nxe6 Qc3 36. Nxc5 Qc4+ 37. Nb3 1-0

[Event "Michigan Open"]
[Site "East Lansing"]
[Date "1991.09.01"]
[Round "5"]
[White "Burke, Tim"]
[Black "Skidmore, Mike"]
[Result "0-1"]
[WhiteElo "1733"]
[BlackElo "1913"]
[PlyCount "86"]
[EventDate "1991.08.30"]

1. e4 c6 2. d3 d5 3. Nd2 dxe4 4. Nxe4 Nd7 5. Nf3 Ndf6 6. Ned2 Bg4 7. g3 e6 8.
Bg2 Bc5 9. O-O Ne7 10. Qe1 O-O 11. Nc4 Ned5 12. a3 h6 13. b4 Bxf3 14. Bxf3 Bd4
15. Bb2 Bxb2 16. Nxb2 Nh7 17. c4 Nc7 18. Qc3 Qf6 19. d4 Ng5 20. Bg2 Rfd8 21.
Rad1 Ne8 22. f4 Nh7 23. c5 Nc7 24. Nc4 Nb5 25. Qa1 Rxd4 26. Rxd4 Qxd4+ 27. Qxd4
Nxd4 28. Rd1 Rd8 29. Kf1 Kf8 30. Nd6 Nb5 31. Ke1 Nxd6 32. cxd6 Nf6 33. b5 Nd5
34. bxc6 bxc6 35. Rb1 Rxd6 36. Rb7 a5 37. Ra7 Ne3 38. Bf3 Nc2+ 39. Kf2 Rd2+ 40.
Kg1 Nd4 41. Bg2 c5 42. Rxa5 c4 43. Rc5 c3 0-1

[Event "Michigan Open"]
[Site "East Lansing"]
[Date "1991.09.01"]
[Round "5"]
[White "Brooks, John"]
[Black "Basin, Leonid"]
[Result "0-1"]
[WhiteElo "2228"]
[BlackElo "2440"]
[PlyCount "116"]
[EventDate "1991.08.30"]

1. d4 Nf6 2. c4 g6 3. Nc3 d5 4. cxd5 Nxd5 5. e3 Bg7 6. Bc4 Nb6 7. Bb3 O-O 8.
Nf3 N8d7 9. O-O c5 10. Qe2 cxd4 11. exd4 Nf6 12. h3 Bf5 13. Bf4 Rc8 14. Be5 Qd7
15. Rad1 Nbd5 16. Nxd5 Nxd5 17. Bxg7 Kxg7 18. Qe5+ Nf6 19. g4 Be4 20. Nd2 Bd3
21. g5 Bxf1 22. Nxf1 Qxh3 23. gxf6+ exf6 24. Qf4 Rfe8 25. Ne3 Rcd8 26. Rd3 a6
27. Rc3 Rd7 28. Bc2 Qh5 29. Ba4 b5 30. Bd1 Qg5+ 31. Qxg5 fxg5 32. Rd3 f5 33.
Bf3 Rc7 34. Kf1 f4 35. Ng4 Rc1+ 36. Bd1 h5 37. Ne5 g4 38. Kg2 Kf6 39. Rd2 Rd8
40. Kh2 g5 41. a3 f3 42. Kg3 a5 43. Kh2 a4 44. Kg3 Rd5 45. Kh2 Rc8 46. Bc2 Rd6
47. Be4 Rcd8 48. Rc2 Rxd4 49. Nc6 Rxe4 50. Nxd8 Re2 51. Rc7 Rxf2+ 52. Kg1 Rxb2
53. Rf7+ Kg6 54. Rf8 b4 55. Nc6 bxa3 56. Ne5+ Kg7 57. Rf7+ Kg8 58. Ra7 a2 0-1

[Event "Michigan Open"]
[Site "East Lansing"]
[Date "1991.09.01"]
[Round "5"]
[White "Brady, Lindell"]
[Black "Spooner, Frank"]
[Result "1-0"]
[WhiteElo "1957"]
[BlackElo "1804"]
[PlyCount "59"]
[EventDate "1991.08.30"]

1. e4 c6 2. d4 d5 3. exd5 cxd5 4. Bd3 Nc6 5. c3 Nf6 6. Bf4 Bg4 7. Qb3 Qd7 8.
Nd2 e6 9. Ngf3 Bxf3 10. Nxf3 Bd6 11. Ne5 Bxe5 12. Bxe5 Nxe5 13. dxe5 Qc7 14.
exf6 Qe5+ 15. Be2 gxf6 16. Qb5+ Kf8 17. Qc5+ Kg7 18. Qe3 Qxe3 19. fxe3 a5 20.
a4 Rac8 21. Kf2 h6 22. Rhd1 Kf8 23. e4 dxe4 24. Rd7 Rb8 25. Bh5 Rh7 26. Rad1
Ke8 27. Rc7 Rd8 28. Bxf7+ Rxf7 29. Rxd8+ Kxd8 30. Rxf7 1-0

[Event "Michigan Open"]
[Site "East Lansing"]
[Date "1991.09.01"]
[Round "4"]
[White "Braak, Dairen"]
[Black "Aliya, Daniel"]
[Result "1-0"]
[WhiteElo "1904"]
[BlackElo "1843"]
[PlyCount "55"]
[EventDate "1991.08.30"]

1. e4 d6 2. d4 Nf6 3. Nc3 g6 4. Bg5 Bg7 5. Bc4 O-O 6. Nge2 Nbd7 7. Qd2 c5 8. f4
a6 9. a3 b5 10. Ba2 Bb7 11. d5 b4 12. Bxf6 bxc3 13. Bxc3 Nf6 14. Ng3 Qd7 15.
O-O Rab8 16. Rad1 h5 17. e5 Ng4 18. Rfe1 dxe5 19. fxe5 Rbc8 20. h3 Nh6 21. Qf4
Qd8 22. Bc4 Kh7 23. Nxh5 gxh5 24. Bd3+ Kh8 25. Qe4 f5 26. exf6 Kg8 27. Qh7+ Kf7
28. Bg6# 1-0

[Event "Michigan Open"]
[Site "East Lansing"]
[Date "1991.09.01"]
[Round "4"]
[White "Baze, Lineas"]
[Black "Gabbara, Faris"]
[Result "1-0"]
[WhiteElo "2039"]
[BlackElo "2142"]
[PlyCount "67"]
[EventDate "1991.08.30"]

1. e4 c6 2. d4 d5 3. Nc3 dxe4 4. Nxe4 Nd7 5. Nf3 Ngf6 6. Ng3 e6 7. Be2 Bd6 8.
O-O O-O 9. c4 Re8 10. b3 Nf8 11. Be3 Ng6 12. Qd2 a5 13. Rfe1 Qc7 14. Ng5 h6 15.
Nf3 Nf4 16. Bf1 Ng4 17. c5 Nxe3 18. fxe3 Nh3+ 19. gxh3 Bxg3 20. hxg3 Qxg3+ 21.
Qg2 Qc7 22. Bd3 b6 23. Rac1 b5 24. Ne5 Bb7 25. Rf1 Re7 26. Rf6 Kh8 27. Rcf1 Kg8
28. Nxf7 Rxf7 29. Rxf7 Qxf7 30. Rxf7 Kxf7 31. Qg6+ Kf8 32. Qxe6 Re8 33. Qd6+
Re7 34. Bg6 1-0

[Event "Michigan Open"]
[Site "East Lansing"]
[Date "1991.09.01"]
[Round "4"]
[White "Basin, Leonid"]
[Black "Gawarecka, Edyta"]
[Result "1-0"]
[WhiteElo "2440"]
[BlackElo "2015"]
[PlyCount "73"]
[EventDate "1991.08.30"]

1. e4 e5 2. Nf3 Nc6 3. Bb5 a6 4. Ba4 Nf6 5. d3 b5 6. Bb3 Be7 7. O-O d6 8. c3
O-O 9. Nbd2 Na5 10. Bc2 c5 11. Re1 Qc7 12. Nf1 Nc6 13. Ne3 Bd7 14. h3 Rfe8 15.
Nh2 Be6 16. Nhg4 Nxg4 17. hxg4 Qd7 18. g3 Bg5 19. Nf5 Bxc1 20. Rxc1 g6 21. Ne3
Kg7 22. f4 f6 23. Rf1 Rf8 24. Qf3 Rad8 25. Rf2 Bg8 26. Rcf1 d5 27. Bb3 c4 28.
dxc4 dxc4 29. Bc2 Qa7 30. Kg2 Rd6 31. Nd5 Rfd8 32. g5 fxg5 33. fxg5 h6 34.
gxh6+ Kxh6 35. g4 Ne7 36. Rh1+ Kg7 37. Qh3 1-0

[Event "Michigan Open"]
[Site "East Lansing"]
[Date "1991.09.01"]
[Round "4"]
[White "Ball, Ed"]
[Black "Williams, Ron"]
[Result "0-1"]
[WhiteElo "1924"]
[BlackElo "1806"]
[PlyCount "72"]
[EventDate "1991.08.30"]

1. e4 e5 2. f4 d5 3. exd5 e4 4. Nc3 Nf6 5. Bb5+ Bd7 6. Bxd7+ Nbxd7 7. Qe2 Qe7
8. Nh3 O-O-O 9. Ng5 Re8 10. Kd1 h6 11. d6 cxd6 12. Qc4+ Kb8 13. Nxf7 Rc8 14.
Qxc8+ Kxc8 15. Nxh8 Qe6 16. h3 Nh5 17. Re1 d5 18. d3 Bb4 19. g4 Bxc3 20. bxc3
Nhf6 21. f5 Qd6 22. d4 Nb6 23. Bf4 Nc4 24. Re2 Qa3 25. Bd2 e3 26. Be1 Qb2 27.
Rc1 Ne4 28. Ng6 Qb5 29. Ne7+ Kd7 30. Bh4 Nxc3+ 31. Ke1 Qb2 32. Rd1 Nxe2 33.
Kxe2 Qxc2+ 34. Ke1 e2 35. Ra1 Qd2+ 36. Kf2 e1=Q+ 0-1

[Event "Michigan Open"]
[Site "East Lansing"]
[Date "1991.09.01"]
[Round "4"]
[White "Bagherabadi, Mohammed"]
[Black "Brooks, John"]
[Result "0-1"]
[WhiteElo "2130"]
[BlackElo "2228"]
[PlyCount "74"]
[EventDate "1991.08.30"]

1. d4 Nf6 2. Nc3 d5 3. e4 Nxe4 4. Nxe4 dxe4 5. Bc4 Bf5 6. f3 e6 7. c3 Nd7 8.
Qe2 Nb6 9. Bb3 Bd6 10. g3 exf3 11. Nxf3 O-O 12. O-O c5 13. Be3 Qc7 14. Rf2 Bg4
15. Bc2 h6 16. Raf1 Nd5 17. Bc1 cxd4 18. cxd4 Rac8 19. Bb1 Qb6 20. Kg2 Rc7 21.
h3 Bxf3+ 22. Rxf3 Qxd4 23. b3 Qe5 24. Qd2 Bb4 25. Qd3 f5 26. Bf4 Nxf4+ 27. Rxf4
Bc5 28. b4 Bb6 29. R4f3 Rfc8 30. Qd1 Rc1 31. Qd2 Rxf1 32. Kxf1 Qa1 33. Qe1 Kh8
34. g4 Qb2 35. Rb3 Qf6 36. gxf5 exf5 37. Rf3 Qg5 0-1

[Event "Michigan Open"]
[Site "East Lansing"]
[Date "1991.09.01"]
[Round "4"]
[White "Avery, Robert W"]
[Black "Repkin, Victor"]
[Result "1-0"]
[WhiteElo "2225"]
[BlackElo "2041"]
[PlyCount "123"]
[EventDate "1991.08.30"]

1. c4 g6 2. Nc3 Bg7 3. d4 d6 4. e4 Nf6 5. f3 O-O 6. Be3 e5 7. d5 Nh5 8. Nge2 f5
9. Qd2 a5 10. O-O-O Na6 11. Kb1 f4 12. Bf2 b6 13. Nc1 Nc5 14. Bd3 Ba6 15. Nb5
Qd7 16. Be2 Rfd8 17. a3 Bf8 18. b4 axb4 19. axb4 Bxb5 20. cxb5 Nb7 21. Qc3 Ra4
22. Rd2 Rda8 23. Ra2 Nf6 24. Qb3 Rxa2 25. Nxa2 Qc8 26. Rc1 Qb8 27. Qc4 Qa7 28.
Rc2 Ne8 29. Qc6 Kf7 30. Qd7+ Kg8 31. Be1 Qb8 32. Bd2 Qc8 33. Qc6 Kf7 34. Nc1
Nd8 35. Qc4 Ra7 36. Ra2 Qa8 37. Ra6 Nf6 38. Qa2 Rxa6 39. bxa6 Ng8 40. Bb5 Ne7
41. Qc4 Qb8 42. Bd7 Kf6 43. b5 Ng8 44. g3 fxg3 45. hxg3 Bh6 46. f4 Ke7 47. Bh3
Nf7 48. Qe2 Nf6 49. Nd3 g5 50. fxg5 Bxg5 51. Nb4 Kf8 52. Nc6 Qa8 53. Be1 Nd8
54. Qf3 Nxc6 55. dxc6 Ke7 56. Qb3 d5 57. exd5 Ne8 58. Qf3 Nd6 59. Qg4 h6 60.
Bb4 Kf7 61. Bxd6 cxd6 62. Qc8 1-0

[Event "Michigan Open"]
[Site "East Lansing"]
[Date "1991.09.01"]
[Round "4"]
[White "Arganian, David H"]
[Black "Mikus, Jim"]
[Result "0-1"]
[WhiteElo "1892"]
[BlackElo "1792"]
[PlyCount "118"]
[EventDate "1991.08.30"]

1. Nf3 d5 2. g3 g6 3. Bg2 Bg7 4. O-O Nf6 5. d3 O-O 6. Nbd2 c6 7. e4 dxe4 8.
dxe4 Be6 9. Qe2 Nbd7 10. Ng5 Nc5 11. Nxe6 Nxe6 12. c3 Nc5 13. f4 Nd3 14. Nf3
Nxc1 15. Raxc1 Qb6+ 16. Qf2 Qb5 17. Nd4 Qa5 18. e5 Nd5 19. a3 e6 20. Nb3 Qc7
21. Nc5 b6 22. c4 Ne7 23. Ne4 Rad8 24. c5 Nd5 25. Rc2 f6 26. exf6 Nxf6 27. Ng5
Qd7 28. cxb6 Ne4 29. Qe2 Bd4+ 30. Kh1 Nxg5 31. Bxc6 Qf7 32. Kg2 Bxb6 33. fxg5
Qe7 34. h4 Rxf1 35. Qxf1 Rf8 36. Qe1 Qd6 37. Bf3 Rxf3 38. Kxf3 Qd3+ 39. Kg2
Qxc2+ 40. Kh3 Qf5+ 41. Kg2 e5 42. Qe2 Qe6 43. Qe4 Bd4 44. b4 Qf5 45. Qd5+ Kg7
46. Qb7+ Qf7 47. Qe4 Qf2+ 48. Kh3 Qf5+ 49. Qxf5 gxf5 50. h5 e4 51. Kg2 Be3 52.
b5 Bxg5 53. a4 Be3 54. Kf1 Kf6 55. Ke2 Bb6 56. Kd2 Ke5 57. Kc3 Kd5 58. h6 Kc5
59. Kb3 Ba5 0-1

[Event "Michigan Open"]
[Site "East Lansing"]
[Date "1991.09.01"]
[Round "4"]
[White "Arganian, David G"]
[Black "Scott, Steven"]
[Result "1/2-1/2"]
[WhiteElo "2066"]
[BlackElo "1884"]
[PlyCount "60"]
[EventDate "1991.08.30"]

1. e4 c5 2. Nc3 Nc6 3. g3 d6 4. Bg2 Nf6 5. d3 e6 6. Bg5 Be7 7. Nge2 Bd7 8. h3
a6 9. g4 h6 10. Be3 e5 11. Ng3 g6 12. Qd2 Bf8 13. O-O-O Bg7 14. Kb1 Qa5 15. g5
hxg5 16. Bxg5 Be6 17. f4 exf4 18. Qxf4 Nh5 19. Nxh5 Rxh5 20. Bf6 Bxf6 21. Qxf6
Qd8 22. Qg7 Qe7 23. Bf3 Rh4 24. Bg4 Bxg4 25. Nd5 Qf8 26. Qf6 Bxd1 27. Nc7+ Kd7
28. Nxa8 Qxa8 29. Qxh4 Bh5 30. Rf1 Ne5 1/2-1/2

[Event "Michigan Open"]
[Site "East Lansing"]
[Date "1991.09.01"]
[Round "4"]
[White "Andrews, Steve"]
[Black "Owens, James"]
[Result "0-1"]
[WhiteElo "2272"]
[BlackElo "2117"]
[PlyCount "88"]
[EventDate "1991.08.30"]

1. d4 Nf6 2. Nf3 g6 3. Bf4 Bg7 4. e3 d6 5. Be2 c5 6. c3 cxd4 7. exd4 O-O 8.
Nbd2 Nc6 9. a4 Qc7 10. h3 e5 11. dxe5 dxe5 12. Bh2 Rd8 13. O-O Ne4 14. Qe1 Nxd2
15. Nxd2 Be6 16. Bc4 Rxd2 17. Bxe6 Rxb2 18. Bd5 Qa5 19. Qc1 Rb6 20. Qd2 Rd8 21.
Rfd1 Nd4 22. Bxf7+ Kxf7 23. Qa2+ Qd5 24. cxd4 Qxa2 25. Rxa2 Rxd4 26. Rc1 Rc6
27. Rb1 b6 28. f3 Rdc4 29. a5 Rc1+ 30. Rxc1 Rxc1+ 31. Kf2 b5 32. a6 Ke6 33. Ke2
Bf8 34. Kd2 Bh6+ 35. Kd3 Kd5 36. Bg3 Bf8 37. Rb2 b4 38. Re2 Rc3+ 39. Kd2 Bh6+
40. Ke1 Be3 41. Rb2 b3 42. Rb1 Bd4 43. Kd1 Kc4 44. Rc1 b2 0-1

[Event "Michigan Open"]
[Site "East Lansing"]
[Date "1991.09.01"]
[Round "5"]
[White "Aliya, Daniel"]
[Black "Frawley, Ed"]
[Result "0-1"]
[WhiteElo "1843"]
[BlackElo "1828"]
[PlyCount "80"]
[EventDate "1991.08.30"]

1. e4 e5 2. Nf3 Nc6 3. Bc4 Nf6 4. d3 Be7 5. a3 O-O 6. O-O d6 7. h3 Bd7 8. Be3
a6 9. Nc3 b5 10. Ba2 Qc8 11. Ne2 Nd8 12. c4 Ne6 13. Rc1 Rb8 14. Qd2 Kh8 15. Ng3
bxc4 16. Bxc4 Qb7 17. b4 Nd8 18. Rfe1 Nc6 19. d4 exd4 20. Bxd4 Nxd4 21. Qxd4 c5
22. bxc5 dxc5 23. Qe5 Rbe8 24. Ng5 Kg8 25. Qf4 Bd8 26. Rcd1 Bc6 27. Nxf7 Rxf7
28. Bxf7+ Qxf7 29. Qd6 Ba4 30. Rc1 Bb5 31. Qxc5 Nd7 32. Qc2 Ne5 33. Nf5 Qe6 34.
f4 Nd3 35. h4 Nxe1 36. Rxe1 Bc6 37. e5 Bb6+ 38. Kh1 Qc8 39. Qc4+ Kh8 40. Nd6
Qh3# 0-1

[Event "Michigan Open"]
[Site "East Lansing"]
[Date "1991.09.01"]
[Round "4"]
[White "Aldrich, Jeff"]
[Black "Levadi, David"]
[Result "0-1"]
[WhiteElo "1837"]
[BlackElo "1957"]
[PlyCount "106"]
[EventDate "1991.08.30"]

1. d4 Nf6 2. c4 d5 3. Nc3 c5 4. Nf3 cxd4 5. Nxd4 e5 6. Nf3 d4 7. Nxe5 dxc3 8.
Qxd8+ Kxd8 9. Nxf7+ Ke8 10. Nxh8 cxb2 11. Bxb2 Bb4+ 12. Kd1 Be6 13. a3 Bc5 14.
e3 Nc6 15. Bd3 Ke7 16. Ke2 Rxh8 17. Rhd1 Rc8 18. Rac1 g6 19. h3 b6 20. g4 Ne8
21. f4 Nd6 22. e4 Na5 23. f5 gxf5 24. gxf5 Bf7 25. Rf1 Ndxc4 26. Bg7 Bh5+ 27.
Ke1 Bxa3 28. f6+ Kf7 29. Rb1 Re8 30. Rf5 Re5 31. Rb5 Rxb5 32. Rxb5 Bc5 33. Rb1
Be3 34. Be2 Bg6 35. Rd1 Ke8 36. Bg4 Ne5 37. Be6 Bc5 38. Ba2 Bf7 39. Bd5 Nac4
40. Bh6 a5 41. Bf4 Bh5 42. Bxc4 Nxc4 43. Rc1 b5 44. e5 Kf7 45. Bd2 Bd4 46. Bf4
a4 47. Rc2 Bg6 48. Rg2 a3 49. h4 Bc3+ 50. Kf1 Bd3+ 51. Kg1 Nxe5 52. Rg7+ Kxf6
53. Ra7 Bd4+ 0-1

[Event "Michigan Open"]
[Site "East Lansing"]
[Date "1991.09.02"]
[Round "6"]
[White "Yaure, Chris"]
[Black "Knecht, Mark"]
[Result "1-0"]
[WhiteElo "1971"]
[BlackElo "2160"]
[PlyCount "99"]
[EventDate "1991.08.30"]

1. Nf3 d5 2. g3 e6 3. Bg2 c5 4. O-O Nc6 5. d3 g6 6. e4 Bg7 7. c3 Nge7 8. Be3 b6
9. Qc1 h6 10. exd5 Nxd5 11. d4 cxd4 12. Nxd4 Nxd4 13. Bxd4 Bxd4 14. cxd4 Bb7
15. Re1 Rc8 16. Qd2 Qd7 17. Nc3 Nxc3 18. Bxb7 Qxb7 19. bxc3 O-O 20. Re5 Kh7 21.
h4 Qf3 22. Re3 Qf5 23. Rd1 Rfd8 24. Qe2 Qd5 25. Re5 Qc6 26. h5 Re8 27. hxg6+
fxg6 28. Re1 Qxc3 29. Rxe6 Rxe6 30. Qxe6 Rc7 31. d5 Qf3 32. d6 Rf7 33. Re2 Qf5
34. Qxf5 gxf5 35. Re7 Kg6 36. d7 Rxe7 37. d8=Q Rf7 38. Kg2 Kg7 39. Kf3 Kg6 40.
Kf4 Kg7 41. Ke5 b5 42. f4 a6 43. Qb6 Re7+ 44. Kxf5 Rf7+ 45. Kg4 Rf6 46. Qa7+
Kg8 47. f5 Kf8 48. Kf4 Kg8 49. Ke5 Rf7 50. Qxa6 1-0

[Event "Michigan Open"]
[Site "East Lansing"]
[Date "1991.09.02"]
[Round "6"]
[White "Ward, Tom"]
[Black "Williams, Ron"]
[Result "1/2-1/2"]
[WhiteElo "2105"]
[BlackElo "1806"]
[PlyCount "72"]
[EventDate "1991.08.30"]

1. e4 e5 2. Bc4 Nf6 3. d4 Nc6 4. d5 Ne7 5. Nc3 Ng6 6. Be3 Bb4 7. Nge2 Nxe4 8.
O-O Nxc3 9. bxc3 Be7 10. f4 exf4 11. Bd4 O-O 12. Nxf4 d6 13. Qh5 Bg5 14. Bd3
Bh6 15. Nxg6 fxg6 16. Qe2 Rxf1+ 17. Rxf1 Bd7 18. c4 b6 19. Qf3 Qe7 20. Qg3 Re8
21. Qf3 Be3+ 22. Bxe3 Qxe3+ 23. Qxe3 Rxe3 24. Kf2 Re5 25. Re1 Rxe1 26. Kxe1 Kf7
27. Kf2 Kf6 28. c3 h5 29. Ke3 g5 30. Be2 g4 31. g3 g5 32. Bd3 Bf5 33. Bxf5 Kxf5
34. a4 a5 35. Kd3 h4 36. Ke3 Ke5 1/2-1/2

[Event "Michigan Open"]
[Site "East Lansing"]
[Date "1991.09.02"]
[Round "7"]
[White "Vandivier, Don"]
[Black "Triplett, Thomas"]
[Result "1-0"]
[WhiteElo "2062"]
[BlackElo "1800"]
[PlyCount "75"]
[EventDate "1991.08.30"]

1. e4 c5 2. Nf3 d6 3. d4 cxd4 4. Nxd4 Nf6 5. Nc3 a6 6. Bg5 e6 7. f4 b5 8. a3
Be7 9. e5 dxe5 10. fxe5 Nd5 11. Bxe7 Qxe7 12. Qg4 Nxc3 13. bxc3 O-O 14. Bd3 Qc5
15. Qe4 Qxc3+ 16. Ke2 g6 17. Qxa8 Nd7 18. Qe4 Nc5 19. Qe3 Bb7 20. Nf3 Bxf3+ 21.
gxf3 Rd8 22. Rad1 Na4 23. Be4 Rxd1 24. Rxd1 Qxe5 25. Rd8+ Kg7 26. Qd4 Nc3+ 27.
Kd3 Qxd4+ 28. Kxd4 Nxe4 29. Kxe4 Kf6 30. Ra8 Kg5 31. Rxa6 Kh4 32. Ke3 Kh3 33.
Ra7 h5 34. Rxf7 Kxh2 35. Kf2 h4 36. Rb7 h3 37. Rxb5 Kh1 38. Kg3 1-0

[Event "Michigan Open"]
[Site "East Lansing"]
[Date "1991.09.02"]
[Round "6"]
[White "Tsemekhman, Vadim"]
[Black "Basin, Leonid"]
[Result "1/2-1/2"]
[WhiteElo "2450"]
[BlackElo "2440"]
[PlyCount "63"]
[EventDate "1991.08.30"]

1. d4 Nf6 2. c4 e6 3. Nc3 Bb4 4. f3 d5 5. a3 Be7 6. e4 dxe4 7. fxe4 e5 8. d5
Bc5 9. Nf3 Ng4 10. Na4 Bf2+ 11. Ke2 Bh4 12. Nxh4 Qxh4 13. Qe1 Qe7 14. h3 Nf6
15. Kd1 a5 16. Bd3 Na6 17. Bg5 Bd7 18. Nc3 Nc5 19. Bc2 Qd6 20. Rf1 a4 21. Qf2
Ra6 22. Be3 b6 23. Bg5 Ke7 24. g4 Ra5 25. Be3 h6 26. Kd2 Kd8 27. Qh4 Rh7 28.
Rad1 Kc8 29. Kc1 Kb7 30. Qg3 Rh8 31. Qh2 Re8 32. Qf2 1/2-1/2

[Event "Michigan Open"]
[Site "East Lansing"]
[Date "1991.09.02"]
[Round "7"]
[White "Tobias, Philip"]
[Black "Smith, Mike A"]
[Result "0-1"]
[WhiteElo "1432"]
[BlackElo "1893"]
[PlyCount "66"]
[EventDate "1991.08.30"]

1. e4 c5 2. Nc3 d6 3. f4 Nc6 4. Nf3 Nf6 5. Bc4 e6 6. a3 a6 7. d3 b5 8. Ba2 Be7
9. O-O O-O 10. Ne2 Bb7 11. Ng3 Rc8 12. f5 exf5 13. Nxf5 d5 14. Nxe7+ Nxe7 15.
Bg5 dxe4 16. Ne5 Qd4+ 17. Kh1 Qxe5 18. Bxf6 gxf6 19. Qg4+ Ng6 20. Rf5 Qxb2 21.
Bxf7+ Rxf7 22. Raf1 exd3 23. Rh5 Qxc2 24. Rd5 Bxd5 25. Qxc8+ Rf8 26. Qg4 Qxg2+
27. Qxg2 Bxg2+ 28. Kxg2 Rd8 29. Rd1 d2 30. Kf3 c4 31. Kg4 c3 32. Kh5 c2 33. Rg1
d1=Q+ 0-1

[Event "Michigan Open"]
[Site "East Lansing"]
[Date "1991.09.02"]
[Round "7"]
[White "Thurman, John"]
[Black "Garrison, Ray"]
[Result "0-1"]
[WhiteElo "1844"]
[BlackElo "1844"]
[PlyCount "58"]
[EventDate "1991.08.30"]

1. d4 f5 2. c4 Nf6 3. Nc3 g6 4. g3 Bg7 5. Bg2 O-O 6. Nf3 d6 7. Be3 h6 8. Qd2
Ng4 9. O-O-O c6 10. h3 Nxe3 11. Qxe3 a5 12. d5 c5 13. Qd3 a4 14. a3 Nd7 15. h4
Nf6 16. Nh2 Qe8 17. f4 Rb8 18. Rhe1 Bd7 19. Nb5 Bxb5 20. cxb5 c4 21. Qc2 Qxb5
22. e4 Rbc8 23. exf5 c3 24. bxc3 Ne4 25. Bf1 Qb6 26. c4 Nc5 27. Qg2 Qb3 28. Qc2
Qxa3+ 29. Kd2 Nb3+ 0-1

[Event "Michigan Open"]
[Site "East Lansing"]
[Date "1991.09.02"]
[Round "6"]
[White "Thomas, Henry"]
[Black "Smith, Mike A"]
[Result "0-1"]
[WhiteElo "1775"]
[BlackElo "1893"]
[PlyCount "47"]
[EventDate "1991.08.30"]

1. e4 c5 2. f4 d6 3. Nf3 Nc6 4. Bc4 e6 5. O-O Nf6 6. Nc3 Be7 7. d3 a6 8. a3 b5
9. Ba2 O-O 10. Be3 Bb7 11. Qe1 Rc8 12. Rd1 Na5 13. h3 c4 14. Qf2 Qd7 15. Bb6
Bd8 16. Bxd8 Rfxd8 17. e5 Nd5 18. Ne4 dxe5 19. Nxe5 Qe7 20. dxc4 Nxc4 21. Bxc4
bxc4 22. c3 f6 23. Qh4 fxe5 24. Ng5 0-1

[Event "Michigan Open"]
[Site "East Lansing"]
[Date "1991.09.02"]
[Round "7"]
[White "Spooner, Frank"]
[Black "Schoonmaker, John"]
[Result "1-0"]
[WhiteElo "1804"]
[BlackElo "1967"]
[PlyCount "105"]
[EventDate "1991.08.30"]

1. Nf3 d5 2. e3 Nf6 3. b3 Bg4 4. Bb2 Nbd7 5. Be2 e6 6. O-O Bd6 7. d4 O-O 8.
Nbd2 Re8 9. c4 c6 10. Qc2 e5 11. dxe5 Nxe5 12. h3 Bh5 13. c5 Bc7 14. Bd4 Ne4
15. Rfe1 Nxd2 16. Nxd2 Bg6 17. Qc3 f6 18. f4 Nd7 19. Nf3 Qe7 20. g4 Be4 21. Nh4
Rf8 22. Nf5 Bxf5 23. gxf5 Qe4 24. Qd3 Qxd3 25. Bxd3 Rae8 26. b4 a6 27. a4 Re7
28. Kf2 Rfe8 29. a5 Kf7 30. h4 g6 31. Rg1 Rg8 32. Rg3 gxf5 33. Rag1 Rxg3 34.
Rxg3 Ke6 35. h5 Nf8 36. Rg8 Kf7 37. Bxf6 Rd7 38. Rxf8+ Kxf8 39. h6 Rf7 40. Bg7+
Ke7 41. Be2 Bd8 42. Bh5 Ke6 43. Bxf7+ Kxf7 44. Kg3 Kg6 45. Kh3 Kh5 46. Kg2 Bh4
47. Kf1 Kg4 48. Ke2 Kh5 49. Kd2 Kg6 50. Bf8 Bf6 51. Kd3 Bb2 52. Kc2 Bg7 53.
Bxg7 1-0

[Event "Michigan Open"]
[Site "East Lansing"]
[Date "1991.09.02"]
[Round "6"]
[White "Spooner, Frank"]
[Black "Malumphy, Joseph"]
[Result "1-0"]
[WhiteElo "1804"]
[BlackElo "1966"]
[PlyCount "59"]
[EventDate "1991.08.30"]

1. Nf3 Nf6 2. e3 e6 3. b3 d5 4. Bb2 c5 5. Bb5+ Bd7 6. Qe2 Nc6 7. d3 Qa5+ 8. Nc3
Bd6 9. Bxc6 Bxc6 10. O-O O-O 11. Nb1 Qc7 12. h3 e5 13. Nbd2 Rae8 14. e4 d4 15.
a4 Bd7 16. Nc4 Nh5 17. Bc1 f5 18. Ng5 Nf6 19. f4 h6 20. fxe5 Bxe5 21. Nxe5 Qxe5
22. Bf4 Qe7 23. Nf3 fxe4 24. Ne5 exd3 25. Qxd3 Qe6 26. Rae1 Qd5 27. Qg6 Re6 28.
Bxh6 Ne8 29. Rxf8+ Kxf8 30. Qf7# 1-0

[Event "Michigan Open"]
[Site "East Lansing"]
[Date "1991.09.02"]
[Round "7"]
[White "Sobocinski, Mike"]
[Black "Kulbacki, James"]
[Result "1/2-1/2"]
[WhiteElo "1914"]
[BlackElo "2044"]
[PlyCount "34"]
[EventDate "1991.08.30"]

1. d4 e6 2. Nf3 Nf6 3. e3 c5 4. c3 d5 5. Bd3 Be7 6. Nbd2 Nbd7 7. O-O O-O 8. Re1
Qc7 9. e4 dxe4 10. Nxe4 Nxe4 11. Bxe4 Nf6 12. Bc2 b6 13. Bg5 Ba6 14. Ne5 Rac8
15. Rc1 Rfd8 16. Qf3 h6 17. Be3 Bb7 1/2-1/2

[Event "Michigan Open"]
[Site "East Lansing"]
[Date "1991.09.02"]
[Round "6"]
[White "Sobocinski, Mike"]
[Black "Gabbara, Faris"]
[Result "0-1"]
[WhiteElo "1914"]
[BlackElo "2142"]
[PlyCount "120"]
[EventDate "1991.08.30"]

1. d4 d5 2. Nf3 e6 3. e3 Nf6 4. Bd3 b6 5. Nbd2 Bd6 6. e4 dxe4 7. Nxe4 Bb7 8.
Nxd6+ cxd6 9. Qe2 Nbd7 10. O-O O-O 11. c3 Re8 12. Bb5 a6 13. Ba4 b5 14. Bb3 Ne4
15. Nd2 d5 16. Bc2 e5 17. dxe5 Rxe5 18. Nxe4 dxe4 19. Bf4 Re8 20. Rad1 Qe7 21.
Bd6 Qg5 22. Rfe1 Nf6 23. Qe3 Qg6 24. Qb6 Bd5 25. Bg3 Re6 26. Qd4 Rae8 27. f3 h5
28. Bh4 Bxa2 29. Bxf6 gxf6 30. fxe4 Re5 31. Qf2 Be6 32. Rf1 Bc4 33. Rfe1 a5 34.
b3 Be6 35. Rf1 Kg7 36. Rd3 Rg5 37. Rf3 Kh8 38. Rxf6 Qg7 39. Rf3 Rg8 40. Rg3
Rxg3 41. hxg3 Qxc3 42. Qf4 Qc5+ 43. Kh2 Qg5 44. e5 Qxf4 45. gxf4 Rc8 46. Bd3 b4
47. Rb1 Rc3 48. Be2 Rxb3 49. f5 Rxb1 50. fxe6 fxe6 51. Bc4 Re1 52. Bxe6 a4 53.
Bd7 a3 54. Be6 Re3 55. Ba2 b3 56. Bxb3 Rxb3 57. e6 a2 58. e7 Re3 59. g4 hxg4
60. e8=Q+ Rxe8 0-1

[Event "Michigan Open"]
[Site "East Lansing"]
[Date "1991.09.02"]
[Round "6"]
[White "Smith, Ed"]
[Black "Chehayeb, Sal"]
[Result "0-1"]
[WhiteElo "1818"]
[BlackElo "2096"]
[PlyCount "110"]
[EventDate "1991.08.30"]

1. f4 Nc6 2. Nf3 Nf6 3. e3 d6 4. Bb5 Bd7 5. O-O a6 6. Bxc6 Bxc6 7. b3 g6 8. Bb2
Bg7 9. a4 h6 10. d3 e6 11. Nbd2 Qe7 12. Qe2 O-O-O 13. c4 g5 14. Nd4 Bd7 15. f5
h5 16. Rab1 Rdg8 17. a5 h4 18. b4 e5 19. Nc2 g4 20. e4 Bh6 21. g3 hxg3 22. hxg3
Bxd2 23. Qxd2 Rh3 24. Na3 Nh5 25. Qf2 Nxg3 26. Qa7 c6 27. b5 Kd8 28. bxa6 Qh4
29. axb7 Rh1+ 30. Kf2 Nxe4+ 31. Ke2 Rh2+ 32. Kd1 Rd2+ 33. Kc1 Qg5 34. b8=Q+ Ke7
35. Qxd7+ Kxd7 36. Qb7+ Kd8 37. Qb8+ Ke7 38. Qc7+ Kf6 39. Bxe5+ Kxe5 40. d4+
Rxd4+ 41. Kb2 Qd2+ 42. Ka1 Qc3+ 43. Rb2 Qxa3+ 44. Ra2 Qc3+ 45. Rb2 Rd2 46. Qe7+
Kd4 47. Qa7+ c5 48. Qb7 Qxb2+ 49. Qxb2+ Rxb2 50. Kxb2 Rb8+ 51. Ka3 Kxc4 52. Rf4
d5 53. Rxg4 Kb5 54. Rf4 c4 55. a6 Nc3 0-1